Life style makrobiotika

Podrobná bibliografia
Médium: Článok
Jazyk:slovenčina
ISSN:1335-9134
Predmet:

MARC

LEADER 00000nab a2200000 ar4500
001 vtls008837608
003 SK-MaSNL
005 20260303062038.0
008 060809c2006 xo |||| | | 000 b|slo
015 |a SNBRB2006/02  |2 snkbucl 
038 |a SNKBUCL 
040 |a SNKBUCL  |b slo  |c SNKBUCL  |e AACR2 
041 0 |a slo 
044 |a xo  |c SK 
080 |a 613.26  |2 1997 
245 0 0 |a Life style makrobiotika 
650 0 7 |a makrobiotika  |2 snkbucl  |9 2524 
773 0 |t Vitalita  |g Č. 6 (2006), s. 21  |x 1335-9134 
852 |a SNK  |b KIS3GCP 
958 |a ME 
999 |c 1737764  |d 1739694